000 00904nam a2200301 a 4500
001 59609
003 BD-RjUL
005 20211209080741.0
008 161226s1979 cou b 000 0 eng
020 _a0891586709 :
_c17.50
020 _a089158661X (pbk.) :
_c8.95
035 _aMITb10085020
035 _a(BD-RjUL) 59733
035 _aGLIS00085020
040 _aDLC
_cDLC
_dMYG
_dBD-RjUL
_beng
041 _aeng
082 _223
_a306.27
_bWAR 1979
099 _aU22.W36
245 0 0 _aWar, morality, and the military profession /
_cedited by Malham M. Wakin.
260 _aBoulder, Colo. :
_bWestview Press,
_cc1979.
300 _ax, 531 p. ;
_c24 cm.
504 _aIncludes bibliographical references.
650 0 _aMilitary ethics.
_9177315
650 0 _aWar
_xMoral and ethical aspects.
_9177316
650 0 _aArmed Forces.
_9177317
700 1 _aWakin, Malham M.
_9177318
942 _2ddc
_cBK
999 _c59609
_d59609